[Event "ODJM B 2016"]
[Site "Willingen GER"]
[Date "2016.05.18"]
[Round "6"]
[White "Wu, Erik"]
[Black "Haase, Dominik"]
[Result "1-0"]
[Termination "normal"]
[Board "1"]
[WhiteElo "1462"]
[BlackElo "1468"]
[PlyCount "39"]
[WhiteFideId "12977489"]
[BlackFideId "16208781"]
[EventCountry "GER"]
[EventRounds "9"]
[EventType "swiss"]
[EventDate "2016.05.14"]

1. e4 e6 2. d4 d5 3. exd5 exd5 4. c4 Nf6 5. Nc3 Be7 6. Nf3 Bf5 7. Bd3 Bg6 8.
O-O Nc6 9. Re1 Bxd3 10. Qxd3 Nb4 11. Qd1 dxc4 12. Qa4+ Nc6 13. d5 Nxd5 14. Rd1
O-O 15. Nxd5 Bd6 16. Qxc4 Ne5 17. Nxe5 Bxe5 18. Bf4 Bxf4 19. Qxf4 c6 20. Nc7
1-0

[Event "ODJM B 2016"]
[Site "Willingen GER"]
[Date "2016.05.18"]
[Round "6"]
[White "Oberhofer, Marie"]
[Black "Rapp, Lukas"]
[Result "1-0"]
[Termination "normal"]
[Board "2"]
[WhiteElo "1601"]
[BlackElo "1572"]
[PlyCount "85"]
[WhiteFideId "12938165"]
[BlackFideId "12989320"]
[EventCountry "GER"]
[EventRounds "9"]
[EventType "swiss"]
[EventDate "2016.05.14"]

1. e4 e5 2. Nf3 Nc6 3. Bb5 a6 4. Ba4 Nf6 5. O-O Be7 6. Re1 b5 7. Bb3 O-O 8. c3
d5 9. exd5 Nxd5 10. Nxe5 Nxe5 11. Rxe5 c6 12. d4 Bd6 13. Re1 Qh4 14. g3 Qh3 15.
Re4 Qf5 16. Bc2 Nf6 17. Rh4 Qd5 18. Qd3 Re8 19. Bd2 g6 20. Bb3 Qf5 21. Qxf5
Bxf5 22. f3 Re2 23. Bd1 Re7 24. Kf2 Rae8 25. Bg5 Re1 26. Nd2 R1e6 27. c4 Bb4
28. Rc1 Bd3 29. cxb5 cxb5 30. a3 Ba5 31. b4 Bb6 32. Nb3 Nd5 33. Nc5 Bxc5 34.
dxc5 Re1 35. Rd4 Bc4 36. Rcxc4 bxc4 37. Rxd5 Kg7 38. Bd2 R1e6 39. Bc3+ Kg8 40.
Rd4 Re3 41. Rxc4 Rd3 42. Bc2 Rde3 43. Be4 1-0

[Event "ODJM B 2016"]
[Site "Willingen GER"]
[Date "2016.05.18"]
[Round "6"]
[White "Müller, Marvin"]
[Black "Reyher, Susan"]
[Result "1-0"]
[Termination "normal"]
[Board "3"]
[WhiteElo "1480"]
[BlackElo "1761"]
[PlyCount "129"]
[WhiteFideId "16214528"]
[BlackFideId "24686107"]
[EventCountry "GER"]
[EventRounds "9"]
[EventType "swiss"]
[EventDate "2016.05.14"]

1. e4 e5 2. Nf3 Nf6 3. Nxe5 d6 4. Nf3 Nxe4 5. Nc3 Nf6 6. d4 d5 7. h3 h6 8. a3
c6 9. Be3 Bd6 10. Bd3 O-O 11. Qd2 Re8 12. O-O Ne4 13. Qc1 Qf6 14. Nd2 Qh4 15.
Nf3 Qh5 16. Be2 Qg6 17. Nh4 Qf6 18. Nf3 Kh8 19. Kh1 g5 20. Qd1 Qg6 21. Ng1 Rg8
22. Bh5 Qg7 23. Qf3 f5 24. g3 Nf6 25. g4 f4 26. Bd2 Nxh5 27. gxh5 g4 28. hxg4
Bxg4 29. Qg2 Bf3 30. Qxf3 Qxd4 31. Rad1 Nd7 32. Be3 Qg7 33. Bd4 Be5 34. Bxe5
Nxe5 35. Qh3 f3 36. Nxf3 Nxf3 37. Qxf3 Raf8 38. Qh3 Rf5 39. Rg1 Qf7 40. Rxg8+
Kxg8 41. Rg1+ Kh7 42. Rg4 Rxf2 43. Qd3+ Kh8 44. Qd4+ Kh7 45. Rg7+ Qxg7 46. Qxf2
b6 47. Qf5+ Kg8 48. Qe6+ Qf7 49. Qxh6 Qf1+ 50. Kh2 Qf2+ 51. Kh3 Qf3+ 52. Kh4
Qf2+ 53. Kg4 Qg2+ 54. Kf5 Qxc2+ 55. Ke6 Qf2 56. Qg6+ Kh8 57. Qh6+ Kg8 58. Qg6+
Kh8 59. h6 Qf8 60. Qf6+ Qxf6+ 61. Kxf6 Kh7 62. Ke5 Kxh6 63. Kd6 d4 64. Kxc6
dxc3 65. bxc3 1-0

[Event "ODJM B 2016"]
[Site "Willingen GER"]
[Date "2016.05.18"]
[Round "6"]
[White "Zwecker, Conrad"]
[Black "Straßburg, Robin Leonard"]
[Result "1/2-1/2"]
[Termination "normal"]
[Board "5"]
[WhiteElo "1430"]
[BlackElo "1819"]
[PlyCount "64"]
[WhiteFideId "12971391"]
[BlackFideId "16210018"]
[EventCountry "GER"]
[EventRounds "9"]
[EventType "swiss"]
[EventDate "2016.05.14"]

1. e4 d5 2. exd5 Qxd5 3. Nc3 Qa5 4. d4 c6 5. Nf3 Nf6 6. Bc4 Bf5 7. Bd2 Qc7 8.
Qe2 e6 9. d5 cxd5 10. Nxd5 Nxd5 11. Bxd5 Be7 12. Bb3 O-O 13. O-O Nd7 14. Rad1
Nf6 15. Rfe1 Rfd8 16. Bc3 Rxd1 17. Rxd1 Rd8 18. Ne5 Bd6 19. f3 Nd7 20. g4 Bg6
21. h4 Nxe5 22. Bxe5 h5 23. g5 Bxe5 24. Rxd8+ Qxd8 25. Qxe5 Qd1+ 26. Kf2 Bxc2
27. Qb8+ Kh7 28. Qxb7 Qd2+ 29. Kg3 Qe1+ 30. Kg2 Qe2+ 31. Kg3 Qe1+ 32. Kg2 Qe2+
1/2-1/2

[Event "ODJM B 2016"]
[Site "Willingen GER"]
[Date "2016.05.18"]
[Round "6"]
[White "Von Jan, Lena"]
[Black "Fromm, Marius"]
[Result "0-1"]
[Termination "normal"]
[Board "6"]
[WhiteElo "1420"]
[BlackElo "1596"]
[PlyCount "96"]
[WhiteFideId "12946060"]
[BlackFideId "12993190"]
[EventCountry "GER"]
[EventRounds "9"]
[EventType "swiss"]
[EventDate "2016.05.14"]

1. e4 c5 2. Nf3 d6 3. Bb5+ Bd7 4. Bxd7+ Nxd7 5. O-O g6 6. c3 Bg7 7. d4 Qc7 8.
Nbd2 Ngf6 9. Re1 O-O 10. Nb3 c4 11. Nbd2 b5 12. Nf1 Nb6 13. Ng3 Nfd7 14. Be3 a5
15. Qd2 Na4 16. Rab1 Rab8 17. Rec1 Rfc8 18. Qe1 e5 19. Qd1 Qc6 20. dxe5 dxe5
21. Qe2 Ndc5 22. Bxc5 Nxc5 23. Ne1 Rd8 24. Rd1 Rd7 25. Rxd7 Qxd7 26. Rd1 Qe7
27. Qd2 Bf6 28. Qe3 Qc7 29. h3 Be7 30. Rd5 Rd8 31. Qd2 Rd6 32. f3 Qd7 33. Rxd6
Qxd6 34. Qe2 Na4 35. Nf1 Bg5 36. Kh1 Kg7 37. Kg1 Bc1 38. b3 Nxc3 39. Qc2 Qd4+
40. Kh1 Bg5 41. Kh2 cxb3 42. axb3 a4 43. bxa4 bxa4 44. Nd3 a3 45. Ne1 a2 46.
Qb2 Bc1 47. Qxc1 Ne2 48. Qc7 Qg1# 0-1

[Event "ODJM B 2016"]
[Site "Willingen GER"]
[Date "2016.05.18"]
[Round "6"]
[White "Rachor, Felix"]
[Black "Leimbach, Tim Vincent"]
[Result "1/2-1/2"]
[Termination "normal"]
[Board "7"]
[WhiteElo "1580"]
[BlackElo "1640"]
[PlyCount "84"]
[WhiteFideId "16200209"]
[BlackFideId "12988600"]
[EventCountry "GER"]
[EventRounds "9"]
[EventType "swiss"]
[EventDate "2016.05.14"]

1. e4 e5 2. Nf3 Nc6 3. Bc4 Bc5 4. c3 d6 5. d3 Nf6 6. Nbd2 O-O 7. Bb3 Bg4 8. h3
Bh5 9. Nf1 a6 10. g4 Bg6 11. Ng3 Na5 12. Bc2 Ba7 13. Bg5 h6 14. Bc1 Nc6 15. g5
hxg5 16. Bxg5 Qc8 17. Bxf6 gxf6 18. Nh4 Ne7 19. Nh5 f5 20. Rg1 fxe4 21. Bb3 Kh7
22. Nf6+ Kg7 23. Qh5 Qxh3 24. Qg5 Qxd3 25. Nh5+ Kh7 26. Nf6+ Kg7 27. Nf5+ Nxf5
28. Qxf5 Qf3 29. Nh5+ Kh8 30. Qxf3 exf3 31. Bd5 c6 32. Bxf3 Bxh5 33. Rh1 Kg7
34. Rxh5 Rh8 35. Rd1 Rxh5 36. Bxh5 d5 37. Rd3 f5 38. Rg3+ Kh6 39. Be2 Rf8 40.
Rh3+ Kg7 41. Rg3+ Kf6 42. Bh5 f4 1/2-1/2

[Event "ODJM B 2016"]
[Site "Willingen GER"]
[Date "2016.05.18"]
[Round "6"]
[White "Kolb, Verena"]
[Black "Grey, Andrea"]
[Result "1/2-1/2"]
[Termination "normal"]
[Board "8"]
[WhiteElo "1650"]
[BlackElo "1428"]
[PlyCount "45"]
[WhiteFideId "12992313"]
[BlackFideId "12971880"]
[EventCountry "GER"]
[EventRounds "9"]
[EventType "swiss"]
[EventDate "2016.05.14"]

1. e4 d6 2. d4 g6 3. Nf3 Bg7 4. Be3 Nd7 5. Bc4 e6 6. c3 Ne7 7. Qc1 O-O 8. Bh6
d5 9. Bxg7 Kxg7 10. exd5 exd5 11. Bb3 c6 12. Nbd2 Nf6 13. Ne5 Nf5 14. O-O Nd6
15. Bc2 Bf5 16. Bxf5 Nxf5 17. Re1 Re8 18. Nf1 Qc7 19. Ne3 Nxe3 20. Rxe3 Re7 21.
Qc2 Rae8 22. Rae1 Re6 23. Qc1 1/2-1/2

[Event "ODJM B 2016"]
[Site "Willingen GER"]
[Date "2016.05.18"]
[Round "6"]
[White "Rokohl, Florian"]
[Black "Lilienthal, Niels Bennett"]
[Result "1/2-1/2"]
[Termination "normal"]
[Board "9"]
[WhiteElo "1397"]
[BlackElo "1558"]
[PlyCount "84"]
[WhiteFideId "16229738"]
[BlackFideId "16205421"]
[EventCountry "GER"]
[EventRounds "9"]
[EventType "swiss"]
[EventDate "2016.05.14"]

1. e4 e5 2. Nf3 Nc6 3. d4 exd4 4. Nxd4 Qh4 5. Nc3 Bb4 6. Ndb5 Qxe4+ 7. Qe2
Qxe2+ 8. Bxe2 Bxc3+ 9. Nxc3 h6 10. Nb5 Kd8 11. Bf4 d6 12. O-O-O Be6 13. Rhe1
Nf6 14. h3 a6 15. Nd4 Nxd4 16. Rxd4 Re8 17. Bf3 Rb8 18. g4 Bd7 19. Red1 Nh7 20.
Rc4 Nf8 21. Bg3 Ne6 22. Bg2 Bb5 23. Rb4 b6 24. a4 Bd7 25. a5 Ke7 26. axb6 Rxb6
27. Rxb6 cxb6 28. Bxd6+ Kd8 29. Bg3 Nc7 30. Bb7 a5 31. Rd6 Re6 32. Rxe6 Bxe6
33. Be4 Nd5 34. Kd2 Nf6 35. Bg2 Bd5 36. Bxd5 Nxd5 37. Kd3 Kd7 38. Kd4 Kc6 39.
c3 b5 40. h4 g5 41. hxg5 hxg5 42. f3 f6 1/2-1/2

[Event "ODJM B 2016"]
[Site "Willingen GER"]
[Date "2016.05.18"]
[Round "6"]
[White "Ponomarev, Maximilian"]
[Black "Giede, Anna-Blume"]
[Result "1/2-1/2"]
[Termination "normal"]
[Board "10"]
[WhiteElo "1554"]
[BlackElo "1506"]
[PlyCount "51"]
[WhiteFideId "16216768"]
[BlackFideId "12921980"]
[EventCountry "GER"]
[EventRounds "9"]
[EventType "swiss"]
[EventDate "2016.05.14"]

1. e4 c6 2. d4 d5 3. Nc3 g6 4. Nf3 Bg4 5. Be2 Bg7 6. Be3 Nf6 7. e5 Nfd7 8. h3
Bxf3 9. Bxf3 Nb6 10. b3 e6 11. Qd2 N8d7 12. O-O O-O 13. Be2 Rc8 14. Nd1 c5 15.
c3 a6 16. Nb2 Rc6 17. Rac1 Qc7 18. f4 f6 19. Rf3 fxe5 20. fxe5 Rxf3 21. Bxf3 c4
22. b4 Nc8 23. Bh6 Ne7 24. Bxg7 Kxg7 25. g4 b5 26. Qg5 1/2-1/2

[Event "ODJM B 2016"]
[Site "Willingen GER"]
[Date "2016.05.18"]
[Round "6"]
[White "Niemann, Leon"]
[Black "Winterberg, Johanna"]
[Result "1/2-1/2"]
[Termination "normal"]
[Board "11"]
[WhiteElo "1421"]
[BlackElo "1755"]
[PlyCount "123"]
[WhiteFideId "16218388"]
[BlackFideId "12929344"]
[EventCountry "GER"]
[EventRounds "9"]
[EventType "swiss"]
[EventDate "2016.05.14"]

1. c4 e5 2. Nc3 Nf6 3. g3 c6 4. Nf3 e4 5. Nd4 d5 6. cxd5 cxd5 7. Bg2 Bc5 8. Nb3
Bb6 9. O-O O-O 10. d3 Bf5 11. Bg5 Re8 12. Bxf6 Qxf6 13. Nxd5 Qxb2 14. dxe4 Bg4
15. Re1 Nc6 16. Nxb6 axb6 17. Qc1 Rxa2 18. Rxa2 Qxa2 19. Nd2 Rd8 20. Nf3 h6 21.
Qb1 Qa5 22. Rd1 Re8 23. h3 Be6 24. Nd4 Bc4 25. Qb2 Rd8 26. e3 b5 27. Kh2 Qa2
28. Qxa2 Bxa2 29. Bf3 b4 30. Nb5 Rxd1 31. Bxd1 b3 32. Nc3 Kf8 33. Kg2 Ke7 34.
Kf1 Nb4 35. Na4 b5 36. Nb2 Kd6 37. Ke2 Ke5 38. f3 Na6 39. Kd2 b4 40. Kc1 Kd6
41. Nc4+ Kc5 42. Nd2 Kb5 43. Bxb3 Bxb3 44. Nxb3 Kc4 45. Kc2 Nc7 46. Nd2+ Kc5
47. Kb3 Kb5 48. e5 Ne6 49. Ne4 Nd8 50. Nf2 Nc6 51. Nd3 Na5+ 52. Kc2 Kc4 53.
Nb2+ Kd5 54. Kd3 Nc6 55. Nc4 Kc5 56. f4 g6 57. e4 Nd8 58. Nd2 Nc6 59. Nb3+ Kb5
60. g4 Ka4 61. Kc2 Kb5 62. e6 1/2-1/2

[Event "ODJM B 2016"]
[Site "Willingen GER"]
[Date "2016.05.18"]
[Round "6"]
[White "von Pückler, Konstantin"]
[Black "Knerr, Sebastian"]
[Result "0-1"]
[Termination "normal"]
[Board "13"]
[WhiteElo "1327"]
[BlackElo "1418"]
[PlyCount "80"]
[WhiteFideId "16205847"]
[BlackFideId "16266013"]
[EventCountry "GER"]
[EventRounds "9"]
[EventType "swiss"]
[EventDate "2016.05.14"]

1. d4 d5 2. c4 e6 3. Nc3 Nf6 4. Bg5 Nbd7 5. e3 Be7 6. cxd5 Nxd5 7. Bxe7 Nxe7 8.
Bd3 c5 9. Nf3 a6 10. a4 O-O 11. O-O b6 12. Bc2 Bb7 13. e4 Nc6 14. d5 Nb4 15.
dxe6 fxe6 16. Bb3 Re8 17. Qd6 Nf8 18. Rad1 Qxd6 19. Rxd6 Nc6 20. Ng5 Rad8 21.
Bxe6+ Nxe6 22. Rxd8 Nexd8 23. Re1 Nd4 24. f3 h6 25. Nh3 N8e6 26. Kf2 Rf8 27.
Ng1 Nf4 28. Rd1 Rd8 29. Nge2 Nfxe2 30. Nxe2 Ne6 31. Rb1 Rf8 32. Nc3 Rd8 33. Ke3
Nd4 34. f4 b5 35. axb5 axb5 36. b4 cxb4 37. Na2 Nc2+ 38. Kf3 Rd3+ 39. Ke2 Bxe4
40. Nxb4 Nd4+ 0-1

[Event "ODJM B 2016"]
[Site "Willingen GER"]
[Date "2016.05.18"]
[Round "6"]
[White "Rockmann, Enno"]
[Black "Leib, Amina"]
[Result "1/2-1/2"]
[Termination "normal"]
[Board "14"]
[WhiteElo "1414"]
[BlackElo "1510"]
[PlyCount "66"]
[WhiteFideId "12982920"]
[BlackFideId "12982970"]
[EventCountry "GER"]
[EventRounds "9"]
[EventType "swiss"]
[EventDate "2016.05.14"]

1. e4 e5 2. Bc4 Nf6 3. Nf3 Nc6 4. Ng5 d5 5. exd5 Nxd5 6. Nxf7 Kxf7 7. Qf3+ Ke6
8. Nc3 Nce7 9. d4 Qd6 10. O-O c6 11. Re1 Ng6 12. dxe5 Qc5 13. Bg5 Qxc4 14. Qh3+
Kf7 15. e6+ Kg8 16. Nxd5 Qxd5 17. Qe3 Bxe6 18. Rad1 Bc5 19. Qxe6+ Qxe6 20. Rxe6
Kf7 21. Re4 Rhe8 22. Rd7+ Kg8 23. Rxe8+ Rxe8 24. Kf1 b5 25. c3 Re5 26. f4 Rd5
27. Rxd5 cxd5 28. g3 Kf7 29. Bd8 Ke6 30. Kg2 Kf5 31. Kf3 Ne5+ 32. fxe5 Kxe5 33.
b4 Bd6 1/2-1/2

[Event "ODJM B 2016"]
[Site "Willingen GER"]
[Date "2016.05.18"]
[Round "6"]
[White "Roth, Ludwig"]
[Black "Schulze, Lukas"]
[Result "0-1"]
[Termination "normal"]
[Board "15"]
[WhiteElo "1291"]
[BlackElo "1299"]
[PlyCount "54"]
[WhiteFideId "12952621"]
[BlackFideId "12956856"]
[EventCountry "GER"]
[EventRounds "9"]
[EventType "swiss"]
[EventDate "2016.05.14"]

1. e4 c5 2. Nf3 Nc6 3. d4 cxd4 4. Nxd4 Nf6 5. Nc3 e6 6. Be3 Bb4 7. f3 d5 8. Qd3
O-O 9. Nxc6 bxc6 10. O-O-O Qa5 11. Bd4 dxe4 12. Nxe4 Nxe4 13. Qxe4 Qxa2 14. c3
Qa1+ 15. Kc2 Qa4+ 16. Kd2 Be7 17. Bd3 f5 18. Qe2 Rb8 19. Rb1 Qa2 20. Bc2 Rxb2
21. Rxb2 Qxb2 22. Bxa7 Rd8+ 23. Ke3 Qxc3+ 24. Kf4 Bd6+ 25. Kg5 Qf6+ 26. Kh5 g6+
27. Kh6 Bf4# 0-1

[Event "ODJM B 2016"]
[Site "Willingen GER"]
[Date "2016.05.18"]
[Round "6"]
[White "Jahrke, Jonas"]
[Black "Ziegenfuß, Larissa"]
[Result "1-0"]
[Termination "normal"]
[Board "16"]
[WhiteElo "1526"]
[BlackElo "1526"]
[PlyCount "67"]
[WhiteFideId "12984353"]
[BlackFideId "12974722"]
[EventCountry "GER"]
[EventRounds "9"]
[EventType "swiss"]
[EventDate "2016.05.14"]

1. e4 c5 2. c3 e6 3. d4 cxd4 4. cxd4 Nc6 5. Nf3 d6 6. Nc3 Be7 7. Bd3 Nf6 8. O-O
O-O 9. Re1 Nb4 10. Bb1 d5 11. e5 Nd7 12. a3 Nc6 13. Qd3 g6 14. Bh6 Re8 15. h3
Bf8 16. Qe3 Bg7 17. Bxg7 Kxg7 18. Bc2 a6 19. Red1 Na5 20. b3 Qb6 21. Nh2 h6 22.
Ng4 Rh8 23. Qf4 Qc7 24. Rac1 h5 25. Nf6 b6 26. Nxd7 Qxd7 27. Qf6+ Kg8 28. Na4
Rb8 29. Rd3 Kh7 30. Rc3 Rf8 31. Bxg6+ Kg8 32. Bxh5 Kh7 33. Rc7 Qe8 34. Bxf7 1-0

[Event "ODJM B 2016"]
[Site "Willingen GER"]
[Date "2016.05.18"]
[Round "6"]
[White "Zimmer, Claudius"]
[Black "Rempe, Jonas"]
[Result "1-0"]
[Termination "normal"]
[Board "17"]
[WhiteElo "1395"]
[BlackElo "1245"]
[PlyCount "49"]
[BlackFideId "16202406"]
[EventCountry "GER"]
[EventRounds "9"]
[EventType "swiss"]
[EventDate "2016.05.14"]

1. e4 e5 2. Nf3 Nc6 3. d4 exd4 4. Bc4 Nf6 5. e5 Ng4 6. O-O d6 7. Bb5 dxe5 8. h3
h5 9. Re1 Bd6 10. Bxc6+ bxc6 11. hxg4 hxg4 12. Nxe5 Bxe5 13. Rxe5+ Kf8 14. g3
Be6 15. Nd2 Bd5 16. f3 gxf3 17. Nxf3 Qf6 18. Bf4 Rg8 19. Kf2 Bxf3 20. Qxf3 g5
21. Rf5 Qxf5 22. Bd6+ cxd6 23. Qxf5 Rg6 24. Qd3 c5 25. Re1 1-0

[Event "ODJM B 2016"]
[Site "Willingen GER"]
[Date "2016.05.18"]
[Round "6"]
[White "Klugstedt, Vincent"]
[Black "Grone, Lion"]
[Result "1/2-1/2"]
[Termination "normal"]
[Board "18"]
[WhiteElo "1281"]
[BlackElo "1392"]
[PlyCount "75"]
[WhiteFideId "16216393"]
[BlackFideId "16245032"]
[EventCountry "GER"]
[EventRounds "9"]
[EventType "swiss"]
[EventDate "2016.05.14"]

1. d4 d5 2. Nf3 Nf6 3. Bf4 Bf5 4. e3 e6 5. c4 c5 6. Nc3 a6 7. Be2 Be7 8. O-O
Nc6 9. h3 h6 10. Rc1 cxd4 11. Nxd4 Nxd4 12. exd4 dxc4 13. Bxc4 Rc8 14. Bd3 Bxd3
15. Qxd3 O-O 16. Rfe1 Nd5 17. Nxd5 Qxd5 18. b3 Rfd8 19. Rxc8 Rxc8 20. Re3 Bd6
21. Be5 f6 22. Bxd6 Qxd6 23. Qe4 Rc1+ 24. Re1 Rxe1+ 25. Qxe1 Kf7 26. Qe4 Qd5
27. Qxd5 exd5 28. Kf1 Ke6 29. Ke2 g5 30. g4 f5 31. f3 b5 32. b4 Kf6 33. a3 Kg6
34. Kf2 Kf7 35. Ke3 Ke6 36. f4 fxg4 37. hxg4 gxf4+ 38. Kxf4 1/2-1/2

[Event "ODJM B 2016"]
[Site "Willingen GER"]
[Date "2016.05.18"]
[Round "6"]
[White "Frank, Marek"]
[Black "Seliokaite, Ana"]
[Result "1/2-1/2"]
[Termination "normal"]
[Board "19"]
[WhiteElo "1386"]
[BlackElo "1138"]
[PlyCount "75"]
[WhiteFideId "16239520"]
[BlackFideId "16224817"]
[EventCountry "GER"]
[EventRounds "9"]
[EventType "swiss"]
[EventDate "2016.05.14"]

1. e4 c5 2. d4 cxd4 3. c3 dxc3 4. Nxc3 Nc6 5. Nf3 Nf6 6. Bc4 Qc7 7. O-O Ne5 8.
Nxe5 Qxe5 9. Qe2 e6 10. f4 Bc5+ 11. Be3 Bxe3+ 12. Qxe3 Ng4 13. Qe2 Qd4+ 14. Kh1
h5 15. Rad1 Qf6 16. Qf3 Qh4 17. h3 O-O 18. Rd3 a6 19. Qg3 Qxg3 20. Rxg3 Nf6 21.
e5 Ne8 22. Be2 d5 23. exd6 Nxd6 24. Bxh5 Nf5 25. Rd3 b6 26. Bf3 Rb8 27. Kh2 a5
28. Bc6 Ba6 29. Bb5 Bxb5 30. Nxb5 Rfd8 31. Rfd1 Rxd3 32. Rxd3 Kf8 33. Nd6 Nxd6
34. Rxd6 Ke7 35. Rc6 Kd7 36. Rc3 f6 37. Kg3 Rg8 38. Rc4 1/2-1/2

[Event "ODJM B 2016"]
[Site "Willingen GER"]
[Date "2016.05.18"]
[Round "6"]
[White "Schilay, Maria"]
[Black "Jacoby, Angelina"]
[Result "1-0"]
[Termination "normal"]
[Board "20"]
[WhiteElo "1210"]
[BlackElo "1240"]
[PlyCount "95"]
[WhiteFideId "12942979"]
[BlackFideId "12999008"]
[EventCountry "GER"]
[EventRounds "9"]
[EventType "swiss"]
[EventDate "2016.05.14"]

1. e4 d5 2. exd5 Qxd5 3. Nc3 Qa5 4. d4 c6 5. Nf3 Nf6 6. Bc4 Bf5 7. O-O e6 8.
Re1 Nd5 9. Bd2 Nxc3 10. Bxc3 Qc7 11. Nh4 Bg6 12. Nxg6 hxg6 13. h3 Nd7 14. a4
Nf6 15. Qd2 Bd6 16. Qc1 Bf4 17. Bd2 g5 18. Bxf4 gxf4 19. Re5 f3 20. Qf4 O-O-O
21. c3 fxg2 22. Kxg2 Nh5 23. Qg4 Rh6 24. Rxh5 Rg6 25. Rg5 f5 26. Qg3 Qxg3+ 27.
Rxg3 Rxg3+ 28. fxg3 Kd7 29. Re1 Re8 30. Kf3 b6 31. Kf4 Kd6 32. Rd1 Re7 33. b4
a5 34. b5 cxb5 35. Bxb5 Kd5 36. c4+ Kd6 37. d5 g6 38. dxe6+ Kxe6 39. Re1+ Kf6
40. Rxe7 g5+ 41. Kf3 Kxe7 42. h4 Kf6 43. h5 Kg7 44. g4 fxg4+ 45. Kxg4 Kh6 46.
Be8 Kg7 47. Kxg5 Kh7 48. Kf6 1-0

[Event "ODJM B 2016"]
[Site "Willingen GER"]
[Date "2016.05.18"]
[Round "6"]
[White "Götz, Timon"]
[Black "Zeng, Xiaoyang-Alex"]
[Result "1/2-1/2"]
[Termination "normal"]
[Board "21"]
[WhiteElo "1268"]
[BlackElo "1357"]
[PlyCount "143"]
[WhiteFideId "16245040"]
[EventCountry "GER"]
[EventRounds "9"]
[EventType "swiss"]
[EventDate "2016.05.14"]

1. c4 Nf6 2. Nc3 g6 3. g3 Bg7 4. Bg2 d6 5. d4 O-O 6. Nf3 Bf5 7. h3 c5 8. O-O
Ne4 9. Nd5 Be6 10. Ne3 cxd4 11. Nxd4 d5 12. b3 Nc6 13. Bb2 Bxd4 14. Bxd4 dxc4
15. Bxe4 Qxd4 16. Bxc6 Qxd1 17. Rfxd1 bxc6 18. Nxc4 Bxh3 19. Ne5 Bc8 20. Nxc6
e6 21. Rac1 Ba6 22. Rd2 Kg7 23. Ne5 Rfd8 24. Rxd8 Rxd8 25. e3 Kf6 26. f4 Rb8
27. Rc7 Rb7 28. Rc6 Bb5 29. Rc5 Ke7 30. Nf3 Bd3 31. Rc3 Be4 32. Ng5 Bb1 33. a3
Ba2 34. b4 h6 35. Nf3 Bd5 36. Ne5 g5 37. Ng4 gxf4 38. exf4 h5 39. Ne5 f6 40.
Nd3 Kd6 41. Kh2 e5 42. fxe5+ fxe5 43. Kh3 Be6+ 44. Kh4 Rg7 45. Nf2 Bg4 46. Ne4+
Kd5 47. Nf6+ Kd4 48. Rc5 e4 49. Rd5+ Kc4 50. Rc5+ Kd3 51. Rd5+ Ke3 52. Re5 Bf3
53. a4 Kd3 54. Rd5+ Ke2 55. Nxh5 Bxh5 56. Rxh5 e3 57. g4 Kf2 58. Rf5+ Ke1 59.
Kg3 Re7 60. Rd5 e2 61. Kg2 Re4 62. Kg3 Rxb4 63. a5 Kf1 64. Rh5 Rb3+ 65. Kf4
e1=Q 66. Rh1+ Ke2 67. Rxe1+ Kxe1 68. g5 Kd2 69. g6 Kc3 70. a6 Kb4 71. g7 Rb1
72. g8=Q 1/2-1/2

[Event "ODJM B 2016"]
[Site "Willingen GER"]
[Date "2016.05.18"]
[Round "6"]
[White "Lohrmann, Linus"]
[Black "Rempe, Mieke"]
[Result "0-1"]
[Termination "normal"]
[Board "22"]
[WhiteElo "1036"]
[BlackElo "1345"]
[PlyCount "114"]
[WhiteFideId "12982857"]
[BlackFideId "16202384"]
[EventCountry "GER"]
[EventRounds "9"]
[EventType "swiss"]
[EventDate "2016.05.14"]

1. e4 e5 2. Nf3 Nc6 3. d4 exd4 4. Bc4 Nf6 5. e5 Ng4 6. O-O Be7 7. Bf4 f6 8. Re1
fxe5 9. Bxe5 Ncxe5 10. Nxe5 d5 11. Qxd4 dxc4 12. Qxd8+ Bxd8 13. Nxg4+ Be7 14.
Ne3 Be6 15. Nc3 O-O-O 16. Nf5 Bxf5 17. Rxe7 Bxc2 18. Nb5 c6 19. Nc3 g6 20. h3
h5 21. Re2 Bf5 22. Rae1 Bd3 23. Re7 g5 24. Rg7 g4 25. h4 Rhe8 26. Re3 Rxe3 27.
fxe3 b5 28. Rxa7 b4 29. Na4 Bc2 30. Nb6+ Kb8 31. Ra5 Kc7 32. Nxc4 g3 33. Ra7+
Kb8 34. Rf7 Rd1+ 35. Rf1 Rxf1+ 36. Kxf1 Bd3+ 37. Ke1 Bxc4 38. b3 Bd5 39. Kf1 c5
40. Kg1 Kb7 41. Kf1 Kb6 42. Ke2 c4 43. bxc4 Bxc4+ 44. Kf3 Bxa2 45. Kxg3 b3 46.
e4 b2 47. e5 b1=Q 48. e6 Bxe6 49. Kh2 Bd5 50. Kg3 Qd3+ 51. Kf4 Qe4+ 52. Kg3
Qg4+ 53. Kf2 Kc5 54. g3 Kd4 55. Kf1 Ke3 56. Kg1 Qxg3+ 57. Kf1 Qf2# 0-1

[Event "ODJM B 2016"]
[Site "Willingen GER"]
[Date "2016.05.18"]
[Round "6"]
[White "Burdot, Clara"]
[Black "Stork, Christopher"]
[Result "0-1"]
[Termination "normal"]
[Board "23"]
[WhiteElo "921"]
[BlackElo "1654"]
[PlyCount "142"]
[WhiteFideId "4004779"]
[BlackFideId "16215400"]
[EventCountry "GER"]
[EventRounds "9"]
[EventType "swiss"]
[EventDate "2016.05.14"]

1. e4 c5 2. c3 Nf6 3. e5 Nd5 4. d4 e6 5. Nf3 Nc6 6. c4 Nc7 7. d5 exd5 8. cxd5
Nb4 9. Nc3 d6 10. a3 Nba6 11. exd6 Bxd6 12. Bc4 O-O 13. O-O Bf5 14. Re1 Re8 15.
Be3 Qd7 16. Qd2 b5 17. Bb3 c4 18. Ba2 Nc5 19. Bxc5 Bxc5 20. Ne5 Qd6 21. Qf4 Bg6
22. Nxg6 hxg6 23. Qxd6 Bxd6 24. Rxe8+ Rxe8 25. Rd1 Re5 26. Kf1 Rf5 27. h3 a6
28. Bb1 Re5 29. Ba2 Ne8 30. Re1 Nf6 31. Rd1 Ne4 32. Nxe4 Rxe4 33. Bb1 Rf4 34.
Ba2 Rf6 35. f3 Kf8 36. Bb1 Ke7 37. Kf2 Bc5+ 38. Kg3 Kd6 39. Be4 Kd7 40. Bb1 Rd6
41. Be4 f5 42. Bc2 Ke7 43. f4 Kf6 44. Kh4 Rd8 45. Kg3 Bd6 46. h4 Re8 47. Kf3
Bc5 48. g3 Re3+ 49. Kf2 Rxa3+ 50. Kg2 Re3 51. Kh3 Bd6 52. Rf1 Re2 53. Rc1 Rd2
54. b3 Rxd5 55. bxc4 bxc4 56. Ra1 a5 57. Ra4 Bb4 58. Ra1 Rd2 59. Ba4 Ke6 60.
Rc1 c3 61. Bb3+ Kd6 62. Ba4 Kc5 63. Bc2 Ba3 64. Ra1 Rxc2 65. Rxa3 Kb4 66. Ra1
a4 67. Rb1+ Rb2 68. Rd1 c2 69. Rd4+ Kc3 70. Rxa4 c1=Q 71. g4 Qe3# 0-1

[Event "ODJM B 2016"]
[Site "Willingen GER"]
[Date "2016.05.18"]
[Round "6"]
[White "Frank, Carolin"]
[Black "Klühs, Isabel"]
[Result "1/2-1/2"]
[Termination "normal"]
[Board "24"]
[WhiteElo "1407"]
[BlackElo "919"]
[PlyCount "69"]
[WhiteFideId "16207190"]
[BlackFideId "16228944"]
[EventCountry "GER"]
[EventRounds "9"]
[EventType "swiss"]
[EventDate "2016.05.14"]

1. Nf3 Nf6 2. g3 d5 3. Bg2 e6 4. O-O Bd6 5. d4 O-O 6. c4 c6 7. cxd5 cxd5 8. Nc3
Nc6 9. Nb5 a6 10. Nxd6 Qxd6 11. Bf4 Qe7 12. Ne5 Bd7 13. Rc1 Rac8 14. Bg5 Rfd8
15. Qd2 h6 16. Bf4 Nb4 17. a3 Nc6 18. Rc3 Nxe5 19. Bxe5 Rxc3 20. Qxc3 Bc6 21.
Rc1 Ng4 22. Bf4 Nf6 23. Qf3 Rc8 24. Be5 Ne4 25. Qg4 Qg5 26. Qxg5 Nxg5 27. h4
Ne4 28. Bxe4 dxe4 29. a4 Bd7 30. Rxc8+ Bxc8 31. Kf1 f6 32. Bd6 Kf7 33. g4 e5
34. d5 Bxg4 35. Ke1 1/2-1/2